000 00956nam a2200289 4500
001 16632
003 ES-MaACL
005 20230906151350.0
007 t|
008 001020s1981 sp a ||||0| spa j
016 7 _zIBH82018880
020 _a84-7517-070-6
040 _aIBH
_bspa
_cM-BN-DP
080 _a820-14"19"
100 1 _aFerlinghetti, Lawrence.
_949304
245 1 3 _aUn Coney Island de la mente
_b: = (A Coney Island of the Mind) /
_cLawrence Ferlinghetti ; presentación y traducción [del inglés] de Carlos Bauer y Julián Marcos.
260 _aMadrid :
_bHiperión,
_c1981.
300 _a175 p. :
_bil. ;
_c21 cm.
490 1 _aPoesía Hiperión ;
_v45
500 _aTexto paralelo en inglés y español. Indice.
700 1 _aBauer, Carlos.
_926542
700 1 _aMarcos, Julián.
_976510
830 0 _aPoesía Hiperión ;
_v45
_9177326
852 _aES-MaACL
_jL-23675
_bR.128887
999 _c16632
_d16632